000
00333nam a22001577a 4500
003
SGT
020
_a
978-93-81735-06-0
082
_a
394
_b
MAN
100
_a
MANGAL, RAKESH
245
_a
CULINARY TERMS (A TO Z)
250
_a
1ST
260
_a
INDIA
_b
NAMAN PUB.
_c
2011
300
_a
335
650
_a
CULINARY
942
_2
ddc
_c
BK
999
_c
28606
_d
28606